Energy utilities and institutions in Africa (Record no. 41901)

MARC details
000 -LEADER
fixed length control field 00951nam a2200229 a 4500
008 - FIXED-LENGTH DATA ELEMENTS--GENERAL INFORMATION
fixed length control field 120416s1996 ||||||||||||||||| || u
020 ## - INTERNATIONAL STANDARD BOOK NUMBER
International Standard Book Number 1856494608
050 ## - LIBRARY OF CONGRESS CALL NUMBER
Classification number HD 9502.A42 Ene
100 ## - MAIN ENTRY--PERSONAL NAME
Personal name Bhagavan, M. R., 1934-
245 10 - TITLE STATEMENT
Title Energy utilities and institutions in Africa
Statement of responsibility, etc. edited by M. R. Bhagavan
260 ## - PUBLICATION, DISTRIBUTION, ETC.
Place of publication, distribution, etc. London
Name of publisher, distributor, etc. Zed Books in association with AFREPREN, Nairobi
Date of publication, distribution, etc. 1996
300 ## - PHYSICAL DESCRIPTION
Extent xvi, 203p. : ill.
350 ## - PRICE (NR) (BK AM CF MU VM SE) [OBSOLETE]
Price 0.00
490 ## - SERIES STATEMENT
Series statement African energy policy research
500 ## - GENERAL NOTE
General note Includes bibliographical references and index.
650 ## - SUBJECT ADDED ENTRY--TOPICAL TERM
Topical term or geographic name entry element ENERGY INDUSTRIES--AFRICA, SUB-SAHARAN--CASE STUDIES
650 ## - SUBJECT ADDED ENTRY--TOPICAL TERM
Topical term or geographic name entry element Public utilities--Africa, Sub-Saharan--Case studies
650 ## - SUBJECT ADDED ENTRY--TOPICAL TERM
Topical term or geographic name entry element GASES
700 ## - ADDED ENTRY--PERSONAL NAME
Personal name Ali, Ga'afar El Faki
710 ## - ADDED ENTRY--CORPORATE NAME
Corporate name or jurisdiction name as entry element African Energy Policy Research Network
995 ## - RECOMMENDATION 995 [LOCAL, UNIMARC FRANCE]
-- 0.00
-- CBU-MAIN LIBRARY (Kitwe)
-- 1
-- 0.00
-- 1
-- AVAILABLE
-- Annex Low-Usage Collection
Holdings
Withdrawn status Lost status Source of classification or shelving scheme Damaged status Not for loan Home library Current library Shelving location Date acquired Total Checkouts Full call number Barcode Date last seen Price effective from Koha item type
          CBU-MAIN LIBRARY, KITWE. CBU-MAIN LIBRARY, KITWE.   11/30/2022   HD 9502.A42 Ene 020452 11/30/2022 11/30/2022 MONOGRAPH